000
00223nam a22000857a 4500
008
161128b xxu||||| |||| 00| 0 eng d
100
_9
1477
_a
Gupta.S.K.
245
_a
General Knowledge Today-4
260
_a
New Delhi
_b
S. Chand
_c
2008
999
_c
4202
_d
4202